000 01647nam0a2200385 4500
001 RU\NLR\bibl\181479
005 20250618063012.0
010 _a5-7295-0042-4
_9120
021 _aRU
_b2001-3652
_9185
035 _a(NLR Aleph) 000178148
090 _a1028009
_c1028009
100 _a20010326d2000 |||y0rusy50 ca
101 0 _arus
102 _aRU
105 _ay |||||||||
200 1 _aОсновы построения систем спутниковой связи
_eУчеб.-метод. пособие
_fА. А. Осмаловский, Ю. В. Тихалев, Ю. Н. Яковлев
_gАкад. ФАПСИ
210 _aОрел
_cАкад. ФАПСИ
_d2000
215 _a66,[1] с.
_d20
320 _aБиблиогр.: с. 66
606 0 _aРадиосвязь при помощи искусственных спутников Земли
_jМетодические пособия
_xСистемы
_xПроектирование
_92219413
_3RU\NLR\auth\661332784
606 0 _aСпутниковая радиосвязь
_jМетодические пособия
_xСистемы
_xПроектирование
_92219415
_3RU\NLR\auth\661332786
610 0 _aРадиосвязь спутниковая
675 _a621.396.946(075.9)
_v3
_zrus
686 _a49.43
_2rugasnti
686 _a32.884.1
_2rubbk
686 _aЗ884.17-02я73-1
700 1 _aОсмаловский
_bА. А.
_4070
701 1 _aТихалев
_bЮ. В.
_4070
701 1 _aЯковлев
_bЮ. Н.
_4070
801 0 _aRU
_bRKP
_c20010326
_gPSBO
801 1 _aRU
_bRKP
_c20010326
801 2 _aRU
_bNLR
_c20011010
_grcr
942 _cBOOK
980 _aNB